Texas science plus/ (Record no. 6428)
[ view plain ]
| 000 -LEADER | |
|---|---|
| fixed length control field | 00519nam a22001817a 4500 |
| 001 - CONTROL NUMBER | |
| control field | 6428 |
| 005 - DATE AND TIME OF LATEST TRANSACTION | |
| control field | 20250702063314.0 |
| 008 - FIXED-LENGTH DATA ELEMENTS--GENERAL INFORMATION | |
| fixed length control field | 130813b 978031239424097803123942409780312394240 xxu||||| |||| 00| 0 eng d |
| 020 ## - INTERNATIONAL STANDARD BOOK NUMBER | |
| International Standard Book Number | 0030979501 |
| 040 ## - CATALOGING SOURCE | |
| Original cataloging agency | BSU |
| Modifying agency | BSU |
| 082 ## - DEWEY DECIMAL CLASSIFICATION NUMBER | |
| Edition number | 22ed |
| Classification number | 500 MCF |
| Item number | MCF |
| 100 ## - MAIN ENTRY--PERSONAL NAME | |
| Personal name | Mcfadden Charles |
| 9 (RLIN) | 13800 |
| 245 ## - TITLE STATEMENT | |
| Title | Texas science plus/ |
| Remainder of title | Technology and society |
| 260 ## - PUBLICATION, DISTRIBUTION, ETC. (IMPRINT) | |
| Place of publication, distribution, etc | New york |
| Name of publisher, distributor, etc | HOLT,RineHart and Winston |
| Date of publication, distribution, etc | 1993 |
| 300 ## - PHYSICAL DESCRIPTION | |
| Extent | 511p. ; |
| Dimensions | 28cm |
| 658 ## - INDEX TERM--CURRICULUM OBJECTIVE | |
| Main curriculum objective | Mathematics |
| 942 ## - ADDED ENTRY ELEMENTS (KOHA) | |
| Source of classification or shelving scheme | Dewey Decimal Classification |
| Item type | Books |
| Withdrawn status | Lost status | Source of classification or shelving scheme | Damaged status | Not for loan | Collection code | Home library | Current library | Shelving location | Date acquired | Inventory number | Total Checkouts | Full call number | Barcode | Date last seen | Copy number | Price effective from | Koha item type | Public note |
|---|---|---|---|---|---|---|---|---|---|---|---|---|---|---|---|---|---|---|
| Dewey Decimal Classification | Main Library | Main Library | Open Shelves | 13/08/2006 | 11240 | 500 MCF | bsu25070142 | 13/08/2013 | 001 | 13/08/2013 | Books | Material Available In Hardcopy | ||||||
| Dewey Decimal Classification | Main Library | Main Library | Open Shelves | 13/08/2006 | 11241 | 500 MCF | bsu25070143 | 13/08/2013 | 002 | 13/08/2013 | Books | Material Available In Hardcopy | ||||||
| Dewey Decimal Classification | Main Library | Main Library | Open Shelves | 13/08/2006 | 11242 | 500 MCF | bsu25070144 | 13/08/2013 | 003 | 13/08/2013 | Books | Material Available In Hardcopy | ||||||
| Dewey Decimal Classification | Main Library | Main Library | Open Shelves | 13/08/2006 | 11243 | 500 MCF | bsu25070145 | 13/08/2013 | 004 | 13/08/2013 | Books | Material Available In Hardcopy | ||||||
| Dewey Decimal Classification | Main Library | Main Library | Open Shelves | 13/08/2006 | 11244 | 500 MCF | bsu25070146 | 13/08/2013 | 005 | 13/08/2013 | Books | Material Available In Hardcopy | ||||||
| Dewey Decimal Classification | Main Library | Main Library | Open Shelves | 13/08/2006 | 11245 | 500 MCF | bsu25070147 | 13/08/2013 | 006 | 13/08/2013 | Books | Material Available In Hardcopy | ||||||
| Dewey Decimal Classification | Main Library | Main Library | Open Shelves | 13/08/2006 | 11246 | 500 MCF | bsu25070148 | 13/08/2013 | 007 | 13/08/2013 | Books | Material Available In Hardcopy | ||||||
| Dewey Decimal Classification | Main Library | Main Library | Open Shelves | 13/08/2006 | 11247 | 500 MCF | bsu25070149 | 13/08/2013 | 008 | 13/08/2013 | Books | Material Available In Hardcopy | ||||||
| Dewey Decimal Classification | Main Library | Main Library | Open Shelves | 13/08/2006 | 11248 | 500 MCF | bsu25070150 | 13/08/2013 | 009 | 13/08/2013 | Books | Material Available In Hardcopy | ||||||
| Dewey Decimal Classification | Main Library | Main Library | Open Shelves | 13/08/2006 | 11249 | 500 MCF | bsu25070151 | 13/08/2013 | 010 | 13/08/2013 | Books | Material Available In Hardcopy | ||||||
| Dewey Decimal Classification | Main Library | Main Library | Open Shelves | 13/08/2006 | 11250 | 500 MCF | bsu25070152 | 13/08/2013 | 011 | 13/08/2013 | Books | Material Available In Hardcopy | ||||||
| Dewey Decimal Classification | Main Library | Main Library | Open Shelves | 13/08/2006 | 11251 | 500 MCF | bsu25070153 | 13/08/2013 | 012 | 13/08/2013 | Books | Material Available In Hardcopy | ||||||
| Dewey Decimal Classification | Main Library | Main Library | Open Shelves | 13/08/2006 | 11252 | 500 MCF | bsu25070154 | 13/08/2013 | 013 | 13/08/2013 | Books | Material Available In Hardcopy | ||||||
| Dewey Decimal Classification | Main Library | Main Library | Open Shelves | 13/08/2006 | 11253 | 500 MCF | bsu25070155 | 13/08/2013 | 014 | 13/08/2013 | Books | Material Available In Hardcopy |